| 000 | 00510nam a2200181 a 4500 | ||
|---|---|---|---|
| 001 | 7103 | ||
| 003 | CO-ViMGA | ||
| 008 | 141112s2004 ck r 000 u spa d | ||
| 040 |
_aCO-ViMGA _bspa _cCO-ViMGA |
||
| 082 | 0 | 4 | _a674.84 L378 |
| 100 | 1 |
_aLesur Esquivel, Luis _95212 |
|
| 245 | 1 | 0 |
_aManual de torneado en madera : _buna guía paso a paso |
| 260 |
_aMexico : _bTrillas, _c1997 |
||
| 300 | _a139 p : il | ||
| 490 | _aCómo hacer bien y fácilmente | ||
| 650 | 1 | 4 |
_aTORNEADO DE MADERA _96200 |
| 942 |
_2ddc _cBK |
||
| 999 |
_c19068 _d19068 |
||